Normal view
MARC view
- Telecommunication Engineering
Entry Topical Term
001 - CONTROL NUMBER
- control field: 99256
003 - CONTROL NUMBER IDENTIFIER
- control field: NUST
005 - DATE AND TIME OF LATEST TRANSACTION
- control field: 20221006114352.0
008 - FIXED-LENGTH DATA ELEMENTS
- fixed length control field: 221006|| aca||aabn | a|a d
040 ## - CATALOGING SOURCE
- Original cataloging agency: NUST
- Transcribing agency: NUST
150 ## - HEADING--TOPICAL TERM
- Topical term or geographic name entry element: Telecommunication Engineering
670 ## - SOURCE DATA FOUND
- Source citation: Work cat.: (NUST)175905: Sharma, Ashok K. 99255, Programmable logic handbook :, c1998.
